000 00507nam a22001817a 4500
005 20251108174931.0
008 250721s2008 xx 000 0 ara d
082 1 4 _a923.154/عبد
100 1 _aعبد الفتاح، عصام
245 1 0 _aالمهاتما غاندي /
264 1 _aدمشق :
_bدار الكتاب العربي،
_c2008.
300 _a150ص.
650 1 7 _aالتراجم
650 1 7 _aالملوك و الحكام
650 1 7 _aالهند
942 _2ddc
_cBK
999 _c121898
_d121898